00671nam a2200193Ia 4500008004100000020001800041082001700059100003200076245008000108250000700188260005000195300002300245500001900268600001500287650001500302942000700317952013600324999001700460240925s9999 xx 000 0 und d a9789332543195 a658.4053 COR aCorvette, Barbara A. Budjac 0aConflict Management: a practical guide to developing negotiation strategies aNA aUttar Pradesh:bPearson Education Incc,2015. a297p.b0fOriginal aIncludes Index aManagement aManagement cBK 001040708MANaUITUbUITUd2019-01-20eAllied Book Companyg1245.92l0o658.4053 CORpQ14132r2024-09-25 07:17:11w2024-09-25yBK c16631d16631